000
00283nam a2200109Ia 4500
008
220216s9999 xx 000 0 und d
245
0
_a
Rubber Board of India an outstanding success
260
_b
Indian Rubber Journal
_c
2008
300
_a
16-21
650
_a
Rubber Board
942
_c
JS
999
_c
67487
_d
67487